[Event "8. LGA Premium Cup 2011"]
[Site "Nürnberg"]
[Date "2011.09.09"]
[Round "3.19"]
[White "Unzicker, Ferdinand"]
[Black "Prusikin, Michael"]
[Result "1/2-1/2"]
[WhiteElo "2273"]
[BlackElo "2507"]
[PlyCount "88"]
[EventDate "2011.??.??"]
[WhiteTeam "FC Bayern München e.V."]
[BlackTeam "SC Forchheim e.V."]

1. c4 e6 2. Nf3 Nf6 3. g3 a6 4. Bg2 b5 5. O-O bxc4 6. Ne5 d5 7. Nxc4 c5 8. Qa4+
Bd7 9. Qa5 Nc6 10. Qxd8+ Rxd8 11. Nb6 Nd4 12. Nxd7 Nxe2+ 13. Kh1 Nxd7 14. Bxd5
Nxg3+ 15. hxg3 exd5 16. Re1+ Be7 17. d3 Nf8 18. Nc3 Ne6 19. Re5 d4 20. Na4 Bd6
21. Re2 Kd7 22. Nb6+ Kc6 23. Nc4 Rhe8 24. Bd2 Nc7 25. Rxe8 Rxe8 26. Kg2 Nd5 27.
Rh1 h6 28. Rc1 Bc7 29. a3 Kb5 30. Ba5 Re6 31. Be1 h5 32. Nd2 Bb6 33. Kf1 f5 34.
Nb3 Re5 35. Rc4 a5 36. a4+ Ka6 37. Bd2 Nb4 38. Bxb4 axb4 39. Rc2 g5 40. Re2
Rxe2 41. Kxe2 c4 42. dxc4 d3+ 43. Kxd3 Bxf2 44. Nd4 Bxd4 1/2-1/2

[Event "8. LGA Premium Cup 2011"]
[Site "Nürnberg"]
[Date "2011.09.09"]
[Round "3.20"]
[White "Huschenbeth, Niclas"]
[Black "Donchenko, Alexander"]
[Result "1/2-1/2"]
[WhiteElo "2513"]
[BlackElo "2281"]
[PlyCount "92"]
[EventDate "2011.??.??"]
[WhiteTeam "Hamburger SK von 1830 eV"]
[BlackTeam "SK 1858 Gießen"]

1. e4 d6 2. d4 Nf6 3. Nc3 g6 4. f4 Bg7 5. Nf3 c5 6. Bb5+ Bd7 7. e5 Ng4 8. Bxd7+
Qxd7 9. d5 dxe5 10. h3 e4 11. hxg4 exf3 12. Qxf3 Na6 13. Bd2 Nc7 14. O-O-O
O-O-O 15. Be1 Bd4 16. Bf2 Bxf2 17. Qxf2 b6 18. Qf3 Kb8 19. g5 Ne8 20. g4 Nd6
21. Rde1 Rde8 22. a4 e6 23. dxe6 Rxe6 24. Qd5 Qe7 25. Rd1 Ne4 26. Nxe4 Rxe4 27.
a5 Qe6 28. Qxe6 fxe6 29. Rd7 Rxf4 30. a6 Ra4 31. Rhxh7 Rxh7 32. Rxh7 Rxa6 33.
Re7 Ra4 34. Rxe6 Rxg4 35. Rxg6 Rg2 36. Rg7 a6 37. g6 b5 38. b3 a5 39. Kb2 Rg3
40. Kc1 Rg2 41. Kd1 Kc8 42. Ra7 Rxg6 43. Rxa5 Rb6 44. c4 bxc4 45. Rxc5+ Kd7 46.
bxc4 Rc6 1/2-1/2

[Event "8. LGA Premium Cup 2011"]
[Site "Nürnberg"]
[Date "2011.09.09"]
[Round "3.21"]
[White "Lanka, Zigurds"]
[Black "Heimrath, Reiner"]
[Result "1/2-1/2"]
[WhiteElo "2423"]
[BlackElo "2189"]
[PlyCount "89"]
[EventDate "2011.??.??"]
[WhiteTeam "TSV Schott Mainz"]
[BlackTeam "SC Noris-Tarrasch Nürnberg 1873"]

1. e4 g6 2. d4 Bg7 3. Nc3 a6 4. f4 e6 5. Nf3 d5 6. e5 Nd7 7. Be3 b6 8. g3 Bb7
9. Bg2 c5 10. O-O Ne7 11. g4 h5 12. h3 hxg4 13. hxg4 cxd4 14. Nxd4 Nc6 15. Bf2
Nxd4 16. Qxd4 Bf8 17. Qd2 Bc5 18. g5 Qc7 19. Nd1 d4 20. Bxd4 Bxg2 21. Kxg2 Bxd4
22. Qxd4 Nc5 23. Qc3 Rd8 24. Qf3 Rd2+ 25. Rf2 Rd4 26. Nc3 Rh4 27. Ne2 Rd2 28.
Kg3 Rh5 29. Nc3 Rxf2 30. Qxf2 Kf8 31. Qf3 Kg7 32. Rh1 Rxh1 33. Qxh1 Qd7 34. Qd1
Qc6 35. Qe1 Qd7 36. Qe3 Qc6 37. b3 Qh1 38. b4 Nd7 39. Ne4 Nb8 40. Nf6 Nc6 41.
a3 Ne7 42. Ne8+ Kf8 43. Nd6 Nd5 44. Qf2 b5 45. a4 1/2-1/2

[Event "8. LGA Premium Cup 2011"]
[Site "Nürnberg"]
[Date "2011.09.09"]
[Round "3.22"]
[White "Kersten, Uwe"]
[Black "Pezerovic, Edin"]
[Result "0-1"]
[WhiteElo "2264"]
[BlackElo "2406"]
[PlyCount "106"]
[EventDate "2011.??.??"]
[WhiteTeam "Kasseler SK 1876"]
[BlackTeam "TV Tegernsee"]

1. e4 c6 2. d4 d5 3. exd5 cxd5 4. c4 Nf6 5. Nc3 Nc6 6. Bg5 e6 7. Nf3 Be7 8. c5
O-O 9. Bb5 Ne4 10. Bxe7 Nxe7 11. Rc1 b6 12. c6 Nd6 13. O-O a6 14. c7 Qxc7 15.
Nxd5 Qd8 16. Nxe7+ Qxe7 17. Bc6 Rb8 18. Re1 Qf6 19. Ne5 Rd8 20. Bf3 Bd7 21. Bc6
Bc8 22. Bf3 Bb7 23. Bxb7 Rxb7 24. Qa4 a5 25. Nc6 Ra8 26. Ne5 b5 27. Qc2 Qd8 28.
Qd3 Nc4 29. Nxc4 bxc4 30. Qxc4 Rxb2 31. Red1 Rb4 32. Qc6 Rb6 33. Qe4 Rd6 34.
Rc5 Rb8 35. Qe5 Rxd4 36. Rf1 a4 37. g3 Qd6 38. Qg5 h6 39. Qc1 Rd2 40. Rc2 Rd8
41. Rxd2 Qxd2 42. Qc4 Qd4 43. Qc2 a3 44. Rb1 Qd2 45. Qc7 Rd7 46. Qc8+ Kh7 47.
Rc1 Rb7 48. Rc2 Rb1+ 49. Kg2 Qd5+ 50. f3 Qd3 51. Rf2 Rb2 52. Qc1 Qd4 53. Rc2
Qc3 0-1

[Event "8. LGA Premium Cup 2011"]
[Site "Nürnberg"]
[Date "2011.09.09"]
[Round "3.23"]
[White "Heidrich, Manfred"]
[Black "Gutman, Lev"]
[Result "1/2-1/2"]
[WhiteElo "2259"]
[BlackElo "2433"]
[PlyCount "111"]
[EventDate "2011.??.??"]
[WhiteTeam "SC Forchheim e.V."]
[BlackTeam "SV Lingen"]

1. e4 c5 2. c3 Nf6 3. e5 Nd5 4. d4 cxd4 5. cxd4 d6 6. Nf3 g6 7. Bc4 Nb6 8. Bb3
Bg7 9. Bf4 O-O 10. O-O Bg4 11. Nbd2 Nc6 12. h3 dxe5 13. dxe5 Bf5 14. Nc4 Nxc4
15. Bxc4 Rc8 16. Rc1 Nb4 17. Qb3 a5 18. Rfd1 Qe8 19. Nd4 e6 20. a3 Nc6 21. Nb5
Qe7 22. Qe3 h6 23. Nd6 Rcd8 24. Bb5 g5 25. Bg3 Bg6 26. Bxc6 bxc6 27. Rxc6 Rb8
28. b3 Ra8 29. Rdc1 Rfb8 30. Rc7 Qd8 31. R1c6 Bf8 32. f4 Ra6 33. fxg5 Rxc6 34.
Rxc6 Qxg5 35. Bf4 Qh5 36. Kh2 Qd1 37. Rc3 Qd5 38. Kg1 Kh7 39. Kh2 Bg7 40. Bg3
Bf8 41. Qf3 Qxf3 42. Rxf3 Kg8 43. Be1 Bg7 44. Re3 Bc2 45. Bxa5 Rxb3 46. Rxb3
Bxb3 47. Bc3 h5 48. Kg3 Bf8 49. Kf2 Bh6 50. Bb2 Kg7 51. Ke2 h4 52. Kf2 Kg6 53.
Nb5 Bf4 54. Nd6 f6 55. Ne4 fxe5 56. g3 1/2-1/2

[Event "8. LGA Premium Cup 2011"]
[Site "Nürnberg"]
[Date "2011.09.09"]
[Round "3.24"]
[White "Göbel, Constantin"]
[Black "Vidonyak, Roman"]
[Result "0-1"]
[WhiteElo "2224"]
[BlackElo "2413"]
[PlyCount "118"]
[EventDate "2011.??.??"]
[WhiteTeam "TSV Schott Mainz"]
[BlackTeam "TV Tegernsee"]

1. e4 c5 2. Nf3 e6 3. d4 cxd4 4. Nxd4 Nf6 5. Bd3 Nc6 6. Nb3 d5 7. exd5 Nxd5 8.
O-O Ndb4 9. Qe2 Nxd3 10. Rd1 Nce5 11. cxd3 Ng6 12. Nc3 Bd6 13. Ne4 O-O 14. Be3
b6 15. Rac1 Bb7 16. Nd4 Be5 17. Nc6 Qd5 18. Nxe5 Nxe5 19. f4 Nc6 20. Nc3 Qd7
21. Qh5 Ne7 22. Qb5 Bc6 23. Qb4 Rac8 24. Qd4 Qb7 25. Qe5 Ng6 26. Qg5 h6 27. Qg3
Ne7 28. Qh3 Rfd8 29. Bf2 Nf5 30. d4 Qd7 31. Rc2 Bd5 32. Rdc1 Bb7 33. Rd1 b5 34.
Rcd2 b4 35. Ne2 Qd5 36. Nc1 Nd6 37. Bh4 Ne4 38. Re2 Rd7 39. Qd3 a5 40. Rde1 f5
41. Rd1 Qd6 42. Qe3 Ba6 43. Ree1 Bc4 44. Nb3 Bxb3 45. Qxb3 Qd5 46. Qxd5 exd5
47. Re2 Rdc7 48. Bf2 Rc2 49. Rde1 Rxe2 50. Rxe2 Rc1+ 51. Be1 Rd1 52. Kf1 Rxd4
53. Rc2 Nd6 54. g3 Rc4 55. Rd2 Rc5 56. Bf2 Rc1+ 57. Kg2 Ne4 58. Re2 Rd1 59. Bb6
d4 0-1

[Event "8. LGA Premium Cup 2011"]
[Site "Nürnberg"]
[Date "2011.09.09"]
[Round "3.26"]
[White "Zelbel, Patrick"]
[Black "Kesik, Klaus-Dieter"]
[Result "1-0"]
[WhiteElo "2390"]
[BlackElo "2201"]
[PlyCount "71"]
[EventDate "2011.??.??"]
[WhiteTeam "SC Hansa Dortmund e.V."]
[BlackTeam "SC Hoyerswerda"]

1. e4 Nf6 2. e5 Nd5 3. d4 d6 4. c4 Nb6 5. exd6 cxd6 6. d5 e5 7. Nc3 Be7 8. Bd3
O-O 9. Nge2 f5 10. b3 N8d7 11. O-O Nc5 12. Bc2 a5 13. Rb1 Bd7 14. f4 Bf6 15.
Be3 a4 16. Qd2 Rc8 17. Rbe1 Qc7 18. fxe5 Bxe5 19. Nd4 axb3 20. axb3 g6 21. Nf3
Bg7 22. Bd4 Rce8 23. Bxg7 Kxg7 24. h4 Qd8 25. b4 Na6 26. Qd4+ Kg8 27. c5 Nc8
28. c6 bxc6 29. dxc6 Be6 30. Rxe6 Rxe6 31. Bb3 d5 32. Nxd5 h6 33. Nf4 Qxd4+ 34.
Nxd4 Nxb4 35. Nfxe6 Rf6 36. Ra1 1-0

[Event "8. LGA Premium Cup 2011"]
[Site "Nürnberg"]
[Date "2011.09.09"]
[Round "3.27"]
[White "Nabavi, Parwis"]
[Black "Zude, Erik"]
[Result "1-0"]
[WhiteElo "2214"]
[BlackElo "2368"]
[PlyCount "79"]
[EventDate "2011.??.??"]
[BlackTeam "SV 1920 Hofheim"]

1. d4 Nf6 2. c4 g6 3. Nc3 Bg7 4. e4 d6 5. Nf3 O-O 6. Be2 e5 7. O-O Nc6 8. d5
Ne7 9. Nd2 Nd7 10. Rb1 f5 11. b4 Nf6 12. f3 f4 13. c5 g5 14. Nc4 Ng6 15. Bd2
Rf7 16. Be1 Bf8 17. Bf2 Rg7 18. cxd6 cxd6 19. Nb5 g4 20. Nxa7 Nxe4 21. fxe4
Rxa7 22. Bxa7 Qh4 23. Rb2 g3 24. hxg3 fxg3 25. Rxf8+ Kxf8 26. Nxd6 Nf4 27. Bf3
Bd7 28. b5 Rg6 29. Nf5 Qh2+ 30. Kf1 b6 31. Ke1 Rf6 32. Kd2 Rxf5 33. exf5 Qh6
34. Kc3 Qd6 35. Rb4 Bxf5 36. Rxf4 Qa3+ 37. Qb3 Qc1+ 38. Kb4 Qc5+ 39. Ka4 exf4
40. Qb4 1-0

[Event "8. LGA Premium Cup 2011"]
[Site "Nürnberg"]
[Date "2011.09.09"]
[Round "3.28"]
[White "Zikeli, Saskia"]
[Black "Hirn, Oskar"]
[Result "1/2-1/2"]
[WhiteElo "2067"]
[BlackElo "2255"]
[PlyCount "56"]
[EventDate "2011.??.??"]
[WhiteTeam "SC Ingersheim e.V."]
[BlackTeam "SC Noris-Tarrasch Nürnberg 1873"]

1. c4 Nf6 2. Nc3 e5 3. g3 Nc6 4. Bg2 Bc5 5. a3 a5 6. e3 d6 7. Nge2 Ba7 8. Rb1
Bf5 9. d3 h5 10. h3 Qd7 11. b4 Kf8 12. b5 Nd8 13. Na4 e4 14. d4 Ne6 15. b6 cxb6
16. Nxb6 Bxb6 17. Rxb6 Ng5 18. Nf4 Nf3+ 19. Bxf3 exf3 20. Qb3 g5 21. Rxb7 Qc8
22. c5 Rh7 23. Nd5 Be6 24. Ne7 Bxb3 25. Nxc8 Rxc8 26. Rxb3 dxc5 27. dxc5 Rxc5
28. Bb2 Ne4 1/2-1/2

[Event "8. LGA Premium Cup 2011"]
[Site "Nürnberg"]
[Date "2011.09.09"]
[Round "3.29"]
[White "Eppinger, Georg"]
[Black "Donchenko, Anatoly"]
[Result "1/2-1/2"]
[WhiteElo "2162"]
[BlackElo "2329"]
[PlyCount "32"]
[EventDate "2011.??.??"]
[WhiteTeam "SGEM Dreisamtal"]
[BlackTeam "SK 1858 Gießen"]

1. e4 c5 2. c3 Nf6 3. e5 Nd5 4. d4 cxd4 5. Nf3 d6 6. cxd4 e6 7. Bc4 Nb6 8. Bb3
Nc6 9. O-O dxe5 10. dxe5 Qxd1 11. Rxd1 Bd7 12. Bf4 Na5 13. Bc2 Nd5 14. Bg3 Rc8
15. Be4 Nc4 16. Rc1 Be7 1/2-1/2

[Event "8. LGA Premium Cup 2011"]
[Site "Nürnberg"]
[Date "2011.09.09"]
[Round "3.30"]
[White "Klundt, Klaus"]
[Black "Reis, Gerhard"]
[Result "1-0"]
[WhiteElo "2356"]
[BlackElo "2169"]
[PlyCount "89"]
[EventDate "2011.??.??"]
[WhiteTeam "SC Heusenstamm"]
[BlackTeam "SK Zirndorf e.V."]

1. e4 c5 2. Nf3 e6 3. d4 cxd4 4. Nxd4 Nf6 5. Nc3 Nc6 6. Ndb5 d6 7. Bf4 e5 8.
Bg5 a6 9. Na3 b5 10. Nd5 Be7 11. Bxf6 Bxf6 12. c4 b4 13. Nc2 Rb8 14. b3 Bg5 15.
g3 O-O 16. Be2 Bh3 17. Nce3 g6 18. Bg4 Bxg4 19. Qxg4 Nd4 20. h4 Bxe3 21. Nxe3
Qc8 22. Qxc8 Rbxc8 23. O-O-O f5 24. exf5 gxf5 25. Nc2 Nxc2 26. Kxc2 Rc6 27. Rd5
Kf7 28. f4 Kf6 29. Rhd1 exf4 30. gxf4 Ke6 31. Rg1 Rf6 32. h5 Rc5 33. Rd2 Kf7
34. Re2 Rc7 35. Kd3 Re6 36. Rg7+ Kxg7 37. Rxe6 Rc5 38. Rxd6 Ra5 39. Rb6 Rxa2
40. Rxb4 Rf2 41. c5 Rf3+ 42. Kd2 a5 43. Rc4 Kf6 44. c6 Ke6 45. Rc5 1-0

[Event "8. LGA Premium Cup 2011"]
[Site "Nürnberg"]
[Date "2011.09.09"]
[Round "3.31"]
[White "Eber, Fabian"]
[Black "Wichmann, Cliff"]
[Result "0-1"]
[WhiteElo "2003"]
[BlackElo "2320"]
[PlyCount "116"]
[EventDate "2011.??.??"]
[WhiteTeam "SF Wilhermsdorf e.V."]
[BlackTeam "ESV Nickelhütte Aue"]

1. e4 e6 2. d4 d5 3. exd5 exd5 4. Nf3 Nf6 5. c3 Be7 6. Bd3 O-O 7. O-O Bg4 8.
Nbd2 Nbd7 9. Re1 Re8 10. Nf1 c6 11. h3 Bh5 12. Ng3 Bg6 13. Bxg6 hxg6 14. Bf4
Qb6 15. Qb3 Qa6 16. Re3 Bf8 17. Rae1 Nb6 18. a3 Rxe3 19. Bxe3 Re8 20. Ne5 Bd6
21. f4 Nc4 22. Nxc4 Bxf4 23. Nf1 dxc4 24. Qd1 Bd6 25. Bc1 b5 26. Rxe8+ Nxe8 27.
Qf3 Nf6 28. Bf4 Bf8 29. Be5 Nd5 30. Ne3 Nxe3 31. Qxe3 Qc8 32. Bg3 Qd7 33. Qe5
f6 34. Qc7 Qxc7 35. Bxc7 Kf7 36. Bf4 Ke6 37. Kf2 c5 38. dxc5 Bxc5+ 39. Kf3 g5
40. Bd2 Be7 41. Be3 a6 42. Bd4 Bd6 43. Be3 Be5 44. Ke4 f5+ 45. Kf3 Bf6 46. Bf2
Kd5 47. g4 g6 48. Bb6 Kc6 49. Bf2 a5 50. Be1 b4 51. axb4 axb4 52. gxf5 gxf5 53.
Bd2 bxc3 54. bxc3 Kb5 55. h4 gxh4 56. Kf4 h3 57. Kg3 Ka4 58. Kxh3 Kb3 0-1

[Event "8. LGA Premium Cup 2011"]
[Site "Nürnberg"]
[Date "2011.09.09"]
[Round "3.32"]
[White "Raykhman, Alexander"]
[Black "Pokrupa, Marek"]
[Result "1-0"]
[WhiteElo "2322"]
[BlackElo "2141"]
[PlyCount "93"]
[EventDate "2011.??.??"]
[WhiteTeam "OSG Baden-Baden"]
[BlackTeam "SK Weiden 1907"]

1. d4 d5 2. c4 Nc6 3. Nc3 dxc4 4. Nf3 Nf6 5. Bg5 Bg4 6. d5 Bxf3 7. exf3 Ne5 8.
Qd4 Nd3+ 9. Bxd3 cxd3 10. O-O-O Qd7 11. Rxd3 b6 12. Qc4 a6 13. Kb1 b5 14. Qd4
b4 15. Qxb4 Qf5 16. Ne4 Nxe4 17. Qxe4 Qxe4 18. fxe4 e6 19. Bf4 exd5 20. Rxd5 c6
21. Rd4 Bc5 22. Rd2 O-O 23. Rc1 Bb4 24. Rdc2 Rfe8 25. f3 Rad8 26. Rxc6 Bd2 27.
Bxd2 Rxd2 28. R6c2 Rd4 29. Rc8 Kf8 30. Rxe8+ Kxe8 31. Kc2 Ke7 32. Rd1 Rc4+ 33.
Kb3 Rc6 34. Rd2 h5 35. Kb4 h4 36. h3 g5 37. Ka5 Ke6 38. b4 f6 39. a4 Ke5 40. b5
axb5 41. axb5 Rc8 42. b6 Ra8+ 43. Kb5 Rb8 44. Kc6 Rc8+ 45. Kd7 Kf4 46. b7 Rb8
47. Kc7 1-0

[Event "8. LGA Premium Cup 2011"]
[Site "Nürnberg"]
[Date "2011.09.09"]
[Round "3.33"]
[White "Bindrich, Falko"]
[Black "Mader, Manuela"]
[Result "1-0"]
[WhiteElo "2554"]
[BlackElo "2167"]
[PlyCount "73"]
[EventDate "2011.??.??"]
[WhiteTeam "SC Eppingen"]
[BlackTeam "SK 1926 Ettlingen"]

1. Nf3 Nf6 2. c4 g6 3. g3 Bg7 4. Bg2 O-O 5. O-O d6 6. d4 Nc6 7. Nc3 a6 8. Bf4
Nd7 9. Rc1 Re8 10. d5 Nce5 11. Nd2 Rb8 12. b4 a5 13. a3 axb4 14. axb4 c5 15. b5
Nb6 16. Qb3 Bd7 17. h3 Ra8 18. Be3 f5 19. Ra1 Qc7 20. f4 Nf7 21. Bf2 e5 22.
dxe6 Bxe6 23. Kh2 Rxa1 24. Rxa1 Nd8 25. Ra3 Qf7 26. Qd1 Bf8 27. e4 Nxc4 28.
Nxc4 Bxc4 29. Ra8 Ne6 30. Rxe8 Qxe8 31. exf5 gxf5 32. Bxb7 Bg7 33. Bc6 Qf7 34.
Qa4 Nc7 35. b6 Bxc3 36. bxc7 Be6 37. Bd5 1-0

[Event "8. LGA Premium Cup 2011"]
[Site "Nürnberg"]
[Date "2011.09.09"]
[Round "3.34"]
[White "Mihok, Laszlo"]
[Black "Hector, Jonny"]
[Result "0-1"]
[WhiteElo "2097"]
[BlackElo "2532"]
[PlyCount "94"]
[EventDate "2011.??.??"]
[WhiteTeam "SK Tempelhof 1931 e.V."]
[BlackTeam "SK Turm Emsdetten e.V."]

1. d4 d5 2. c4 c6 3. cxd5 cxd5 4. Nc3 e5 5. e3 e4 6. Nge2 Nf6 7. Qb3 Nc6 8. Nf4
Bb4 9. Bd2 O-O 10. Nxe4 Re8 11. Bxb4 Rxe4 12. Bd3 Nxd4 13. Qc3 Rxf4 14. exf4
Qe8+ 15. Kf1 Nc6 16. Bc5 d4 17. Qd2 Qd8 18. Ba3 Qd5 19. f3 Qh5 20. Re1 Be6 21.
b4 a6 22. g4 Qh3+ 23. Qg2 Bxg4 24. Qxh3 Bxh3+ 25. Kf2 Be6 26. Re2 g6 27. Rg1
Nd5 28. f5 Bd7 29. fxg6 hxg6 30. Rg3 Nf4 31. Rd2 Nxd3+ 32. Rxd3 Bf5 33. Rd1 d3
34. h4 Rd8 35. Rg5 f6 36. Rxf5 gxf5 37. Bb2 Nxb4 38. Bxf6 Rd7 39. a3 Nc2 40. a4
Kh7 41. Rd2 Na3 42. Bg5 Nc4 43. Rd1 Kg6 44. Rb1 d2 45. Rd1 Rd4 46. Be3 Rxh4 47.
Bxd2 Rh2+ 0-1

[Event "8. LGA Premium Cup 2011"]
[Site "Nürnberg"]
[Date "2011.09.09"]
[Round "3.35"]
[White "Ginsburg, Gennadi"]
[Black "Eiber, Manfred"]
[Result "1-0"]
[WhiteElo "2483"]
[BlackElo "2121"]
[PlyCount "93"]
[EventDate "2011.??.??"]
[WhiteTeam "SV 1920 Hofheim"]
[BlackTeam "SW Nürnberg Süd e.V."]

1. e4 g6 2. d4 Bg7 3. Nc3 d6 4. Nf3 a6 5. a4 Nf6 6. h3 O-O 7. Bc4 Nxe4 8. Nxe4
d5 9. Bd3 dxe4 10. Bxe4 Nd7 11. O-O c5 12. c3 Nf6 13. Bc2 cxd4 14. Qxd4 Qxd4
15. Nxd4 Bd7 16. Re1 Rfe8 17. Bb3 Rad8 18. Bf4 Nh5 19. Bg5 Bf6 20. Bxf6 Nxf6
21. Re5 Kf8 22. Rae1 Nh5 23. R1e3 f6 24. Re6 Bc8 25. g3 Ng7 26. Rb6 Rd6 27.
Rxd6 exd6 28. Rf3 Re1+ 29. Kg2 f5 30. Bd5 a5 31. c4 Ra1 32. Nb5 Ne8 33. b3 Re1
34. g4 Ke7 35. gxf5 gxf5 36. Rg3 b6 37. Nd4 Bd7 38. Rg8 Rd1 39. Nc6+ Kf6 40.
Rf8+ Kg5 41. Nb8 Nf6 42. Rxf6 Kxf6 43. Nxd7+ Ke7 44. Nxb6 h6 45. Nc8+ Kd7 46.
Na7 Rd3 47. Nc6 1-0

[Event "8. LGA Premium Cup 2011"]
[Site "Nürnberg"]
[Date "2011.09.09"]
[Round "3.36"]
[White "Götz, Heiko"]
[Black "Luther, Thomas"]
[Result "0-1"]
[WhiteElo "2112"]
[BlackElo "2493"]
[PlyCount "64"]
[EventDate "2011.??.??"]
[WhiteTeam "SV Mendig-Mayen e.V."]
[BlackTeam "SV Empor Erfurt"]

1. Nc3 d5 2. f4 d4 3. Ne4 Nf6 4. Nxf6+ exf6 5. c3 c5 6. cxd4 cxd4 7. e3 Nc6 8.
Bb5 dxe3 9. Bxc6+ bxc6 10. dxe3 Qb6 11. Nf3 Bb4+ 12. Kf2 O-O 13. a3 Be7 14. Qd4
c5 15. Qe4 Be6 16. f5 Bb3 17. a4 Rfe8 18. a5 Qb5 19. a6 Bf8 20. Qf4 Bc2 21. Nd2
Rad8 22. g4 c4 23. Qc7 Bb4 24. Nf3 Be4 25. Rg1 Bxf3 26. Kxf3 Qd5+ 27. Kf2 Qd3
28. Qxa7 Qc2+ 29. Kf3 Rd1 30. Rxd1 Qxd1+ 31. Kf2 Be1+ 32. Kg2 Qe2+ 0-1

[Event "8. LGA Premium Cup 2011"]
[Site "Nürnberg"]
[Date "2011.09.09"]
[Round "3.37"]
[White "Krauß, Josef"]
[Black "Zude, Arno"]
[Result "0-1"]
[WhiteElo "2136"]
[BlackElo "2379"]
[PlyCount "118"]
[EventDate "2011.??.??"]
[WhiteTeam "SV Würzburg von 1865 e.V."]
[BlackTeam "SV 1920 Hofheim"]

1. e4 e5 2. Nf3 Nc6 3. d4 exd4 4. Nxd4 Nf6 5. Nxc6 bxc6 6. e5 Qe7 7. Qe2 Nd5 8.
c4 Ba6 9. b3 g6 10. g3 Bg7 11. Bb2 O-O-O 12. Bg2 Rhe8 13. O-O Bxe5 14. Qxe5
Qxe5 15. Bxe5 Rxe5 16. cxd5 Bxf1 17. Kxf1 cxd5 18. Nc3 c6 19. Rd1 Rde8 20. Bf3
Kc7 21. Ne2 f5 22. Rd4 a5 23. Ke1 g5 24. h3 Rh8 25. Kd2 h5 26. h4 g4 27. Bg2
Rhe8 28. Nf4 Re1 29. Ra4 Kb6 30. b4 axb4 31. Rxb4+ Kc7 32. Rb2 Rg1 33. Rc2 Kd6
34. Rc1 Rxc1 35. Kxc1 Re1+ 36. Kd2 Ra1 37. Nxh5 Rxa2+ 38. Ke1 Ke5 39. Nf4 Kd4
40. h5 Ke5 41. f3 Kf6 42. fxg4 fxg4 43. Bf1 Kg5 44. Be2 d4 45. h6 Kxh6 46. Bxg4
Ra7 47. Kd2 Kg5 48. Bh3 c5 49. Bf1 Kg4 50. Bc4 Kxg3 51. Nd5 Kf3 52. Nf6 Kf4 53.
Bb5 d6 54. Bc4 Ke5 55. Ng4+ Kf5 56. Nf2 Ra4 57. Bd3+ Kf4 58. Bb1 c4 59. Ne4 Ra1
0-1

[Event "8. LGA Premium Cup 2011"]
[Site "Nürnberg"]
[Date "2011.09.09"]
[Round "3.38"]
[White "Kvetny, Mark"]
[Black "Fedorovsky, Michael"]
[Result "0-1"]
[WhiteElo "2157"]
[BlackElo "2336"]
[PlyCount "52"]
[EventDate "2011.??.??"]
[WhiteTeam "Stuttgarter SF 1879"]
[BlackTeam "SC Tarrasch 45 München"]

1. d4 Nf6 2. c4 e6 3. Nc3 Bb4 4. Qc2 O-O 5. e4 d6 6. Bd3 e5 7. Nge2 exd4 8.
Nxd4 Bxc3+ 9. bxc3 Nbd7 10. O-O h6 11. Bd2 Nc5 12. Rae1 Re8 13. f4 Nfd7 14. Rf3
Nxd3 15. Rxd3 Nc5 16. Rg3 Bd7 17. e5 Kh8 18. Rf1 Qe7 19. Nf5 Bxf5 20. Qxf5 Qe6
21. Qh5 Ne4 22. Rxg7 Kxg7 23. f5 Qxe5 24. Bxh6+ Kg8 25. Qg4+ Kh7 26. f6 Qc5+
0-1

[Event "8. LGA Premium Cup 2011"]
[Site "Nürnberg"]
[Date "2011.09.09"]
[Round "3.39"]
[White "Zwahr, Paul"]
[Black "Meulner, Klaus"]
[Result "1/2-1/2"]
[WhiteElo "2323"]
[BlackElo "2129"]
[PlyCount "152"]
[EventDate "2011.??.??"]
[WhiteTeam "SG Grün-Weiß Dresden"]
[BlackTeam "SW Nürnberg Süd e.V."]

1. e4 d5 2. exd5 Nf6 3. d4 Bg4 4. Nf3 Qxd5 5. Nc3 Qf5 6. Be2 Nc6 7. h3 Bxf3 8.
Bxf3 O-O-O 9. Be3 Nxd4 10. Bxd4 e5 11. O-O Rxd4 12. Qe1 Rf4 13. Ne2 Rxf3 14.
gxf3 Qxh3 15. Ng3 Bd6 16. Qe3 h6 17. Rad1 e4 18. fxe4 Re8 19. Rd3 Ng4 20. Qf3
Ne5 21. Qf5+ Qxf5 22. Nxf5 Nxd3 23. Nxd6+ cxd6 24. cxd3 Kd7 25. Rd1 Rc8 26. Rd2
b5 27. f4 b4 28. Kf2 a5 29. b3 Ke6 30. Ke3 g5 31. Rh2 f6 32. f5+ Kf7 33. Rxh6
Rc2 34. Rh7+ Ke8 35. Kd4 Rc5 36. Ra7 Kf8 37. Rd7 Rc2 38. Rxd6 Kg7 39. Kd5 g4
40. Ke6 Rc7 41. e5 fxe5 42. Kxe5 Rc2 43. Rg6+ Kf7 44. Rxg4 Rxa2 45. Rc4 Re2+
46. Kd4 Rb2 47. Rc5 Rxb3 48. Rxa5 Rb1 49. Rb5 Rb3 50. Rb6 Rb1 51. Kc4 Rf1 52.
Rb5 Rf4+ 53. d4 Kf6 54. Rxb4 Rxf5 55. Rb5 Rf1 56. Re5 Rc1+ 57. Kd5 Ra1 58. Re6+
Kf7 59. Rb6 Ke7 60. Rb7+ Kd8 61. Kc6 Ra6+ 62. Kb5 Rd6 63. Kc5 Rh6 64. d5 Rg6
65. Rb8+ Kd7 66. Rb7+ Kd8 67. Rh7 Rf6 68. Kd4 Ra6 69. Ke5 Rb6 70. Rh8+ Kd7 71.
Kf5 Ra6 72. Rf8 Rh6 73. Ke5 Rh5+ 74. Kd4 Rh1 75. Rf7+ Kd6 76. Rf6+ Kd7 1/2-1/2

[Event "8. LGA Premium Cup 2011"]
[Site "Nürnberg"]
[Date "2011.09.09"]
[Round "3.40"]
[White "Huss, Rolf"]
[Black "Perner, Wolfgang"]
[Result "1/2-1/2"]
[WhiteElo "2057"]
[BlackElo "1794"]
[PlyCount "73"]
[EventDate "2011.??.??"]
[WhiteTeam "SC Fulda"]
[BlackTeam "SF Bad Reichenhall"]

1. d4 d5 2. c4 c6 3. Nf3 Nf6 4. Nc3 e6 5. Bg5 dxc4 6. e4 b5 7. e5 h6 8. Bh4 g5
9. Nxg5 hxg5 10. Bxg5 Be7 11. exf6 Bxf6 12. Bxf6 Qxf6 13. g3 Bb7 14. Bg2 a6 15.
O-O Nd7 16. Re1 O-O-O 17. Ne4 Qe7 18. a4 f5 19. Nc3 Nc5 20. d5 b4 21. Qe2 cxd5
22. Nxd5 Bxd5 23. Bxd5 Rxd5 24. Qxc4 Qc7 25. Rxe6 Rhd8 26. Ree1 Rd4 27. Qe2 Re4
28. Qf3 Qe5 29. Rec1 Kb8 30. Rd1 Rxd1+ 31. Rxd1 Re1+ 32. Kg2 Rxd1 33. Qxd1 Qe4+
34. f3 Qd3 35. Qc1 Nxa4 36. Qf4+ Ka7 37. Qc7+ 1/2-1/2

[Event "8. LGA Premium Cup 2011"]
[Site "Nürnberg"]
[Date "2011.09.09"]
[Round "3.41"]
[White "Martin Fernandez, Rodrigo"]
[Black "Jahnel, Günther"]
[Result "1-0"]
[WhiteElo "2080"]
[BlackElo "2281"]
[PlyCount "121"]
[EventDate "2011.??.??"]
[WhiteTeam "SC Erlangen 48/88 e.V."]
[BlackTeam "SC Hoyerswerda"]

1. d4 Nf6 2. c4 c5 3. d5 b5 4. cxb5 a6 5. bxa6 Bxa6 6. Nc3 d6 7. Nf3 g6 8. e4
Bxf1 9. Kxf1 Bg7 10. g3 O-O 11. Kg2 Nbd7 12. Re1 Qb6 13. h3 Ne8 14. Re2 Nc7 15.
Rc2 Rfb8 16. Bf4 Qa6 17. Rac1 Rb4 18. Re2 Qb7 19. Rcc2 Nb5 20. Nxb5 Qxb5 21. b3
Qa6 22. Qd2 Rc8 23. Re1 Qb7 24. Qe2 Re8 25. Bd2 Rb6 26. Bc3 Bxc3 27. Rxc3 Ra6
28. Rc2 Rea8 29. Rd1 Qa7 30. Rdd2 Qb8 31. h4 Nf6 32. e5 dxe5 33. Nxe5 Qb7 34.
Qf3 Qc7 35. Nd3 Nd7 36. Qe3 e6 37. Nxc5 Nxc5 38. Rxc5 Qb7 39. Qf3 Rd6 40. Rc3
exd5 41. Rcd3 Rad8 42. Rd4 Qc6 43. a4 R8d7 44. Kh2 Rf6 45. Qd1 Rf5 46. b4 Qb6
47. a5 Qa7 48. Rc2 Re7 49. Kg2 Qb7 50. Rc5 Rfe5 51. Qd3 Re1 52. b5 Ra1 53. a6
Qd7 54. Qc3 Rae1 55. Rc8+ Re8 56. Rxe8+ Rxe8 57. Qd3 Rd8 58. b6 Qc6 59. b7 h5
60. Qa3 Re8 61. Qa4 1-0

[Event "8. LGA Premium Cup 2011"]
[Site "Nürnberg"]
[Date "2011.09.09"]
[Round "3.42"]
[White "Nuding, Matthias"]
[Black "Nuber, Blasius"]
[Result "1/2-1/2"]
[WhiteElo "2029"]
[BlackElo "2285"]
[PlyCount "94"]
[EventDate "2011.??.??"]
[WhiteTeam "SC Noris-Tarrasch Nürnberg 1873"]
[BlackTeam "SC Dillingen"]

1. e4 e5 2. Nf3 Nc6 3. d4 exd4 4. Nxd4 Qf6 5. Be3 Bc5 6. c3 Qg6 7. Nd2 Nf6 8.
Qf3 Ng4 9. Nf5 Nxe3 10. Nxe3 d6 11. Nd5 Bg4 12. Qf4 Rc8 13. Nb3 O-O 14. Nxc5
dxc5 15. f3 Be6 16. O-O-O f5 17. Bb5 Bxd5 18. exd5 Nb8 19. g3 Qd6 20. Qxd6 cxd6
21. Rhe1 a6 22. Bd3 c4 23. Bf1 b5 24. Re6 Rcd8 25. b3 cxb3 26. axb3 Rfe8 27.
Rde1 Rxe6 28. Rxe6 Kf7 29. b4 Nc6 30. f4 Ne7 31. Bg2 Ke8 32. Kd2 Kd7 33. Re1
Ra8 34. Ra1 Nc8 35. Bf1 Nb6 36. Kc2 Kc7 37. Kb3 Kb7 38. Re1 Rd8 39. c4 bxc4+
40. Bxc4 Rd7 41. Bf1 Na8 42. Bc4 Kb6 43. Re8 Nc7 44. Re1 a5 45. bxa5+ Kxa5 46.
Kc3 Kb6 47. Kd4 Rf7 1/2-1/2